000 01370cam a2200289 i 4500
005 20171109153839.0
008 171109s2017 enka rb 001 0 eng d
010 _a 2016021735
020 _a9781472472816
020 _a9781472472847
020 _z9781315595115 (ebook)
040 _aCO-BoUCM
_bspa
_cSandra Palacio
_dSandra Palacio
041 0 _aeng
042 _apcc
100 1 _aKarlsson, Jan
_d1948-
_988776
245 1 0 _aMethods for social theory
_banalytical tools for theorizing and writing
_cJan Ch. Karlsson y Ann Bergman
260 _aLondres (Inglaterra)
_bRoutledge
_c2017
300 _axv, 168 páginas
505 0 _aTheorizing and writing social theory -- Basics of displays -- The use of displays in theorizing -- Basics of property spaces -- Reduction of property spaces in theorizing -- Expansion of property spaces in theorizing -- The model of argumentation: chain of reasoning, chains of argument and arguments -- Examples of using the model of argumentation -- Theorizing and writing.
650 1 7 _aCiencias sociales
_xFilosofia
_938933
650 2 7 _aInvestigación científica
_917977
650 2 7 _aInvestigación en ciencias sociales
_917990
650 2 7 _aCiencias sociales
_xArte de escribir
_954298
700 1 _aBergman, Ann
_988777
942 _2DEWEY
_cLIBRORESER
_a5
_e1
_h300.1
_mK185me
999 _c307684
_d307684